Difuzní svařování

Gespeichert in:
Bibliographische Detailangaben
1. Verfasser: Kazakov, Nikolaj F (Verfasst von)
Format: Buch
Veröffentlicht: Praha : SNTL, 1983
Ausgabe:1.
Schlagworte:
Online-Zugang:OBSAH
Tags: Tag hinzufügen
Keine Tags, Fügen Sie das erste Tag hinzu!

MARC

LEADER 00000nam a22000003a 4500
001 stu52639
005 20150617225707.3
008 000317s1983----cs----------------------d
040 |a STU  |b slo 
041 0
044 |a cs 
080 |a 621.791.4 
100 1 |a Kazakov, Nikolaj F  |4 aut 
245 1 |a Difuzní svařování 
250 |a 1. 
260 |a Praha :  |b SNTL,  |c 1983 
300 |a 266 s 
650 7 |a Zváranie difúzne  |2 stusub 
856 4 |a https://sweb.mtf.stuba.sk/obsahy/difuzni_svarovani83.pdf  |u https://sweb.mtf.stuba.sk/obsahy/difuzni_svarovani83.pdf  |3 OBSAH 
996 |b 284M013944  |c M*10432-1  |l MMST  |s A  |a 24  |w stu52639_0001